000
00310nam a22001337a 4500
008
170825b xxu||||| |||| 00| 0 eng d
020
_a
095854410
041
_a
eng
080
_a
070
100
_a
39
101
_a
,ED
245
_a
A NORTON GUIDE WRITING RESEARCH PAPERS
_c
WALKER.M
942
_2
udc
_c
BK
999
_c
25073
_d
25073